Normal view
MARC view
- Supervisor Dr. Muhammad Zeeshan
Entry Corporate Name
001 - CONTROL NUMBER
- control field: 84283
003 - CONTROL NUMBER IDENTIFIER
- control field: NUST
005 - DATE AND TIME OF LATEST TRANSACTION
- control field: 20211116153044.0
008 - FIXED-LENGTH DATA ELEMENTS
- fixed length control field: 211116|| aca||aabn | a|a d
040 ## - CATALOGING SOURCE
- Original cataloging agency: NUST
- Transcribing agency: NUST
110 ## - HEADING--CORPORATE NAME
- Corporate name or jurisdiction name as entry element: Supervisor Dr. Muhammad Zeeshan
670 ## - SOURCE DATA FOUND
- Source citation: Work cat.: (NUST): Mahnoor Ajmal 84282, TH-SOF-1866-Hybrid AFDF Cooperative Communication Technique For MIMO-NOMA, 2021.
